000 00655nam a2200241Ia 4500
003 OSt
005 20220918185134.0
006 a|||||r|||| 00| 0
007 ta
008 220917b |||||||| |||| 00| 0 eng d
024 _a49,775
037 _cTextual
040 _aARTS
_cARTS
_beng
041 _2eng
_aeng
082 _aP:28:3, J8;1 (O44)
100 _aRoss Alan S C
_967974
245 0 _aEtymology
_b with special reference to English
260 _c1958
490 _aLanguage library ed by Eric Partridge; 11
650 _aLINGUISTICS
942 _hP:28:3, J8;1 (O44)
_cTEXL
_2CC
999 _c179397
_d179397